Súhrnný indikátor spotrebiteľskej dôvery (spotrebiteľský barometer I - informatívna správa z prieskumu verejnej mienky)
Indikátor spotrebiteľskej dôvery - vývoj v SR, v členských štýtoch EÚ. Spotrebiteľská atmosféra na Slovensku sa zlepšuje..(2007). Stručný prehľad výsledkov.
Salvato in:
| Natura: | Capitolo di libro |
|---|---|
| Lingua: | slovacco |
| Soggetti: | |
| Tags: |
Nessun Tag, puoi essere il primo ad aggiungerne!!
|
MARC
| LEADER | 00000naa$a2200000$$$4500 | ||
|---|---|---|---|
| 001 | 0054995 | ||
| 005 | 20231106072859.0 | ||
| 041 | 0 | |a slo | |
| 044 | |a SK | ||
| 245 | 1 | 0 | |a Súhrnný indikátor spotrebiteľskej dôvery |b (spotrebiteľský barometer I - informatívna správa z prieskumu verejnej mienky) |
| 520 | |a Indikátor spotrebiteľskej dôvery - vývoj v SR, v členských štýtoch EÚ. Spotrebiteľská atmosféra na Slovensku sa zlepšuje..(2007). Stručný prehľad výsledkov. | ||
| 610 | 2 | 0 | |a spotrebitelia |
| 610 | 2 | 0 | |a atmosféra |
| 610 | 2 | 0 | |a indexy |
| 610 | 2 | 0 | |a Slovensko |
| 610 | 2 | 0 | |a Európska únia |
| 610 | 2 | 0 | |a situácia hospodárska |
| 610 | 2 | 0 | |a ceny spotrebiteľské |
| 610 | 2 | 0 | |a nezamestnanosť |
| 610 | 2 | 0 | |a domácnosti |
| 610 | 2 | 0 | |a situácia finančná obyvateľstva |
| 610 | 2 | 0 | |a sporenie obyvateľstva |
| 610 | 2 | 0 | |a investovanie |
| 610 | 2 | 0 | |a bývanie |